LEADER 00494nab a2200145 i 4500 001 000000261215 003 CaOOAMICUS 005 20050428000000.0 008 050428n xx uu u0 0und r 013 $a2143 040 $aSeMil$bita 245 10$aKlöster :$bFaszination und Krise. - Titolo dalla copertina. 500 $aApril 2004. 773 0 $t2004.$dRegensburg : Friedrich Pustet, 2004.$w()109884 996 $6245$aKlöster :$bFaszination und Krise. - Titolo dalla copertina.$9(OLS)http://semarc/title/355514 LEADER 00728nab a2200145 i 4500 001 000000311245 003 CaOOAMICUS 005 20180831173029.0 008 180831n xx uu u0 0und r 013 $a20333 040 $aSeMil$bita 100 1 $aRampolla, Mariano.$0(OLS)http://semarc/name/88235 245 10$aDemocrazia Cristiana. Istruzione della Sacra Congregazione degli Affari Ecclesiastici Straordinari sull?Azione Popolare Cristiana o Democratico-Cristiana in Italia. 773 0 $t[Luglio-Dicembre].$g274-283$w()274176 996 $6245$aDemocrazia Cristiana. Istruzione della Sacra Congregazione degli Affari Ecclesiastici Straordinari sull?Azione Popolare Cristiana o Democratico-Cristiana in Italia$9(OLS)http://semarc/title/385881